000 00907nam a22001817a 4500
999 _c6588
_d6588
003 AR-CdUCM
008 190318b ||||| |||| 00| 0 spa d
040 _aMUNICIPALIDAD PROVINCIAL DEL CUSCO
_cBIBLIOTECA MUNICIPAL DEL CUSCO
082 _25ed.
_a372.11 /
_bS99
100 _aSzekely, Bela
_918549
245 _aLos test :
_bManual de pruebas psicométricas de inteligencia y de aptitudes /
260 _aBuenos Aires :
_bEdit. Kapelusz & Cía,
_c1966.
300 _a3 tomos ;
_c21 cm.
505 _aContenido :T.3 Los tests y su estructura, tests antropométricos -- T.2 Los tests y su estructura, tests antropométricos, sensoriales y perceptivos --T1.-El tests y su estructura, Test antropometricos, sensoriales y perceptivos, Tests psicopedagogicos, La psocologia y psicometria de la inteligencia y de las aptitudes ...
650 _aPruebas psicológicas
_97330
942 _2ddc
_cLIBROS
945 _arjall